[Event "San Francisco TNM Winter op"]
[Site "San Francisco"]
[Date "2016.01.05"]
[Round "1"]
[White "Grey, Peter G"]
[Black "Boldi, Ethan Vaughn"]
[Result "1-0"]
[WhiteElo "2000"]
[BlackElo "1528"]
[PlyCount "81"]
[EventDate "2016.01.05"]
[EventType "swiss"]
[EventRounds "8"]
[EventCountry "USA"]
[SourceTitle "EXT 2018"]
[Source "ChessBase"]
[SourceDate "2017.10.13"]
[SourceVersion "1"]
[SourceVersionDate "2017.10.13"]
[SourceQuality "1"]

1. Nf3 d5 2. d4 c5 3. g3 Nc6 4. Bg2 Nf6 5. 0-0 Bf5 6. c4 e6 7. cxd5 exd5 8. Nc3 Be6 9. Qa4 Bd7 10. dxc5 Bxc5 11. Qb5 b6 12. Qd3 Nb4 13. Qd1 Bf5 14. Bg5 0-0 15. a3 Nc6 16. b4 Be7 17. Rc1 Be6 18. Nb5 Rc8 19. Nfd4 Nxd4 20. Qxd4 a6 21. Na7 Rc4 22. Rxc4 dxc4 23. Qxd8 Bxd8 24. b5 axb5 25. Nxb5 h6 26. Bf4 Nd5 27. Bd6 Re8 28. Rc1 Bf6 29. Rxc4 Nc3 30. Rxc3 Bxc3 31. Nxc3 Rc8 32. Bb4 g5 33. f4 f5 34. Kf2 g4 35. Nd5 Bxd5 36. Bxd5+ Kg7 37. Be6 Rc1 38. Bxf5 h5 39. h3 Kf6 40. hxg4 hxg4 41. Bxg4 1-0

[Event "San Francisco TNM Fall op"]
[Site "San Francisco"]
[Date "2015.11.03"]
[Round "3"]
[White "Grey, Peter G"]
[Black "Starr, Albert Martin"]
[Result "1-0"]
[WhiteElo "1874"]
[BlackElo "1719"]
[PlyCount "83"]
[EventDate "2015.10.20"]
[EventType "swiss"]
[EventRounds "9"]
[EventCountry "USA"]
[SourceTitle "EXT 2023"]
[Source "ChessBase"]
[SourceDate "2022.10.05"]
[SourceVersion "1"]
[SourceVersionDate "2022.10.05"]
[SourceQuality "1"]

1. e4 e5 2. Nf3 Nf6 3. Nxe5 d6 4. Nf3 Nxe4 5. Nc3 Nxc3 6. dxc3 Be7 7. Be3 Nc6 8. Qd2 0-0 9. 0-0-0 Bg4 10. Kb1 Bxf3 11. gxf3 Ne5 12. Be2 a6 13. Rhg1 g6 14. f4 Nc6 15. f5 Ne5 16. Bh6 Re8 17. f4 Nc6 18. fxg6 fxg6 19. Bc4+ Kh8 20. Bf7 Bf6 21. Bxe8 Qxe8 22. Rde1 Qf7 23. Qe2 Ne7 24. Qe6 Qxe6 25. Rxe6 Bh4 26. Bg5 Nf5 27. Bxh4 Nxh4 28. Rge1 b5 29. Re8+ Rxe8 30. Rxe8+ Kg7 31. Re7+ Kf6 32. Rxh7 Ng2 33. Rxc7 Nxf4 34. Kc1 a5 35. Kd2 g5 36. Rb7 Ke5 37. Rxb5+ d5 38. Rxa5 Ke4 39. Ra8 Kf3 40. Rg8 g4 41. a4 Ne6 42. a5 1-0

[Event "San Francisco Leighton Memorial"]
[Site "San Francisco"]
[Date "2015.09.15"]
[Round "7"]
[White "Grey, Peter G"]
[Black "Porlares, Teodoro"]
[Result "1-0"]
[WhiteElo "1874"]
[BlackElo "1755"]
[PlyCount "105"]
[EventDate "2015.08.04"]
[EventType "swiss"]
[EventRounds "9"]
[EventCountry "USA"]
[SourceTitle "EXT 2023"]
[Source "ChessBase"]
[SourceDate "2022.10.05"]
[SourceVersion "1"]
[SourceVersionDate "2022.10.05"]
[SourceQuality "1"]

1. d4 Nf6 2. c4 g6 3. Nc3 Bg7 4. Nf3 d6 5. g3 0-0 6. Bg2 c6 7. 0-0 Na6 8. e4 Qc7 9. h3 e5 10. Be3 Ne8 11. Qd2 f5 12. Rad1 Qf7 13. Qe2 f4 14. gxf4 exf4 15. Bc1 h6 16. e5 g5 17. Rfe1 dxe5 18. Nxe5 Bxe5 19. Qxe5 Qh5 20. Bxf4 Rxf4 21. Qxe8+ Qxe8 22. Rxe8+ Rf8 23. Rxf8+ Kxf8 24. d5 Rb8 25. Kh2 Bf5 26. b3 cxd5 27. Nxd5 Nc5 28. Ne3 Be6 29. b4 Nd7 30. a3 b6 31. Bd5 Ke7 32. Kg3 Nf6 33. Bg2 Nh5+ 34. Kh2 Nf4 35. Nd5+ Bxd5 36. Bxd5 Rd8 37. Bf3 Rxd1 38. Bxd1 Kd6 39. Kg3 Ke5 40. h4 Kd4 41. hxg5 hxg5 42. Kg4 Kxc4 43. f3 Ne6 44. Kf5 Nd4+ 45. Kxg5 Nxf3+ 46. Bxf3 Kb3 47. b5 Kxa3 48. Kf5 Kb4 49. Be2 Kc5 50. Ke6 a6 51. bxa6 Kc6 52. Bf3+ Kc7 53. a7 1-0

[Event "San Francisco Leighton Memorial"]
[Site "San Francisco"]
[Date "2015.08.10"]
[Round "2"]
[White "Grey, Peter G"]
[Black "Wong, Russell"]
[Result "0-1"]
[WhiteElo "1874"]
[BlackElo "2107"]
[PlyCount "34"]
[EventDate "2015.08.04"]
[EventType "swiss"]
[EventRounds "9"]
[EventCountry "USA"]
[SourceTitle "EXT 2023"]
[Source "ChessBase"]
[SourceDate "2022.10.05"]
[SourceVersion "1"]
[SourceVersionDate "2022.10.05"]
[SourceQuality "1"]

1. Nf3 g6 2. d4 Bg7 3. e4 d6 4. Bc4 Nf6 5. Qe2 Bg4 6. e5 dxe5 7. dxe5 Nd5 8. Qe4 Bxf3 9. Qxf3 e6 10. Nc3 Nxc3 11. Qxc3 Nd7 12. f4 Qh4+ 13. g3 Qe7 14. Be3 0-0-0 15. Bxa7 f6 16. Ba6 bxa6 17. Qc6 Qb4+ 0-1

[Event "San Francisco TNM Summer op"]
[Site "San Francisco"]
[Date "2015.07.07"]
[Round "7"]
[White "Gomez, David Flores"]
[Black "Grey, Peter G"]
[Result "1-0"]
[WhiteElo "1809"]
[BlackElo "2000"]
[PlyCount "47"]
[EventDate "2015.05.26"]
[EventType "swiss"]
[EventRounds "8"]
[EventCountry "USA"]
[SourceTitle "EXT 2016"]
[Source "ChessBase"]
[SourceDate "2015.10.08"]
[SourceVersion "1"]
[SourceVersionDate "2015.10.08"]
[SourceQuality "1"]

1. b3 e5 2. Bb2 Nc6 3. d3 Nf6 4. Nf3 d6 5. g3 Be7 6. Bg2 0-0 7. 0-0 Re8 8. Nbd2 Bf8 9. c4 d5 10. cxd5 Nxd5 11. a3 a5 12. Qc2 f6 13. Rac1 Be6 14. h4 Qd7 15. Ne4 Qf7 16. e3 Nb6 17. Nfd2 Red8 18. Nc4 Nxc4 19. dxc4 Rd7 20. Rcd1 Rad8 21. Rxd7 Qxd7 22. Nc3 Qd2 23. Rc1 Rd7 24. Bd5 1-0

[Event "San Francisco TNM Summer op"]
[Site "San Francisco"]
[Date "2015.06.09"]
[Round "3"]
[White "Winslow, Elliott C"]
[Black "Grey, Peter G"]
[Result "1-0"]
[WhiteElo "2301"]
[BlackElo "2000"]
[PlyCount "75"]
[EventDate "2015.05.26"]
[EventType "swiss"]
[EventRounds "8"]
[EventCountry "USA"]
[SourceTitle "EXT 2016"]
[Source "ChessBase"]
[SourceDate "2015.10.08"]
[SourceVersion "1"]
[SourceVersionDate "2015.10.08"]
[SourceQuality "1"]

1. d4 Nf6 2. c4 g6 3. Nc3 d5 4. Nf3 Bg7 5. cxd5 Nxd5 6. e4 Nxc3 7. bxc3 c5 8. Rb1 0-0 9. Be2 b6 10. 0-0 Bb7 11. Qd3 Ba6 12. Qe3 Bxe2 13. Qxe2 Qc8 14. Bg5 Re8 15. Qd2 Nc6 16. Bh6 Qg4 17. Bxg7 Kxg7 18. d5 Na5 19. Rfe1 f6 20. h3 Qd7 21. e5 Rad8 22. Rbd1 Nc4 23. Qf4 Nxe5 24. Nxe5 fxe5 25. Rxe5 Rf8 26. Qe3 Rf7 27. Re1 Re8 28. c4 Kf8 29. Re6 Rf6 30. h4 Rxe6 31. Qh6+ Kg8 32. Rxe6 Qa4 33. Qe3 Qxc4 34. d6 Rd8 35. dxe7 Rd1+ 36. Kh2 Qxh4+ 37. Qh3 Qf4+ 38. g3 1-0

[Event "San Francisco TNM Spring op"]
[Site "San Francisco"]
[Date "2015.05.05"]
[Round "8"]
[White "Byambaa, Uyanga"]
[Black "Grey, Peter G"]
[Result "1-0"]
[WhiteElo "2168"]
[BlackElo "2000"]
[PlyCount "23"]
[EventDate "2015.03.17"]
[EventType "swiss"]
[EventRounds "8"]
[EventCountry "USA"]
[SourceTitle "EXT 2016"]
[Source "ChessBase"]
[SourceDate "2015.10.08"]
[SourceVersion "1"]
[SourceVersionDate "2015.10.08"]
[SourceQuality "1"]

1. e4 c5 2. Nf3 e6 3. d4 cxd4 4. Nxd4 Nf6 5. Bd3 Nc6 6. c3 e5 7. Ne2 d5 8. exd5 Qxd5 9. 0-0 Be7 10. Bg5 0-0 11. Bxf6 Bxf6 12. Bxh7+ 1-0

[Event "San Francisco TNM Spring op"]
[Site "San Francisco"]
[Date "2015.04.21"]
[Round "6"]
[White "McKellar, Daniel"]
[Black "Grey, Peter G"]
[Result "0-1"]
[WhiteElo "1674"]
[BlackElo "2000"]
[PlyCount "86"]
[EventDate "2015.03.17"]
[EventType "swiss"]
[EventRounds "8"]
[EventCountry "USA"]
[SourceTitle "EXT 2016"]
[Source "ChessBase"]
[SourceDate "2015.10.08"]
[SourceVersion "1"]
[SourceVersionDate "2015.10.08"]
[SourceQuality "1"]

1. e4 c5 2. Nf3 e6 3. d4 cxd4 4. Nxd4 Nf6 5. Nc3 Nc6 6. Nxc6 bxc6 7. e5 Nd5 8. Ne4 Qc7 9. f4 Qb6 10. Qf3 Ba6 11. Bxa6 Qxa6 12. c3 Be7 13. f5 exf5 14. Qxf5 0-0 15. Bg5 f6 16. exf6 Nxf6 17. Qf1 Qxf1+ 18. Rxf1 Nxe4 19. Bxe7 Rfe8 20. 0-0-0 Rxe7 21. Rf5 d5 22. Rdf1 Nd6 23. Rg5 Rae8 24. a4 Re1+ 25. Rxe1 Rxe1+ 26. Kc2 Kf7 27. Rg3 Rf1 28. Kd3 Kf6 29. b4 g5 30. Ke2 Rf4 31. Kd3 h5 32. Re3 g4 33. h3 gxh3 34. Rxh3 Kg5 35. Re3 Re4 36. Rf3 Nf5 37. a5 h4 38. a6 Rg4 39. Rf2 Rg3+ 40. Kd2 Kf6 41. Re2 Nd6 42. Rf2+ Ke5 43. Re2+ Ne4+ 0-1

[Event "San Francisco TNM Spring op"]
[Site "San Francisco"]
[Date "2015.04.14"]
[Round "5"]
[White "Grey, Peter G"]
[Black "Fuentes, Romulo C"]
[Result "0-1"]
[WhiteElo "2000"]
[BlackElo "2225"]
[PlyCount "100"]
[EventDate "2015.03.17"]
[EventType "swiss"]
[EventRounds "8"]
[EventCountry "USA"]
[SourceTitle "EXT 2016"]
[Source "ChessBase"]
[SourceDate "2015.10.08"]
[SourceVersion "1"]
[SourceVersionDate "2015.10.08"]
[SourceQuality "1"]

1. d4 Nf6 2. c4 e6 3. Nf3 c5 4. d5 exd5 5. cxd5 Bd6 6. Nc3 0-0 7. Bg5 Re8 8. e3 h6 9. Bh4 a6 10. a4 Bf8 11. d6 Re6 12. Bc4 Rxd6 13. Qb3 Re6 14. Bxe6 fxe6 15. e4 Qa5 16. 0-0 Qb4 17. Qc2 Nc6 18. Bxf6 gxf6 19. e5 f5 20. Rad1 b6 21. Rfe1 Qg4 22. h3 Qg7 23. Qd2 Nb4 24. Qf4 Bb7 25. Re3 Nc2 26. Red3 Nd4 27. Ne1 Kh7 28. Rg3 Qf7 29. Rgd3 Bc6 30. Rxd4 cxd4 31. Rxd4 Bc5 32. Rd3 Rg8 33. Rg3 Rxg3 34. Qxg3 Qg6 35. Qxg6+ Kxg6 36. Nd3 d6 37. exd6 Bxd6 38. f4 Kf6 39. g3 h5 40. Kf2 Bc7 41. b4 Bb7 42. b5 a5 43. Ke3 e5 44. fxe5+ Bxe5 45. Nxe5 Kxe5 46. Ne2 Bd5 47. Nc3 Bc4 48. h4 Bb3 49. Kd3 f4 50. gxf4+ Kxf4 0-1

[Event "San Francisco TNM Winter op"]
[Site "San Francisco"]
[Date "2015.02.17"]
[Round "7"]
[White "Grey, Peter G"]
[Black "Bachseitz, Martin"]
[Result "1/2-1/2"]
[WhiteElo "2006"]
[BlackElo "1712"]
[PlyCount "73"]
[EventDate "2015.01.06"]
[EventType "swiss"]
[EventRounds "8"]
[EventCountry "USA"]
[SourceTitle "EXT 2016"]
[Source "ChessBase"]
[SourceDate "2015.10.08"]
[SourceVersion "1"]
[SourceVersionDate "2015.10.08"]
[SourceQuality "1"]

1. e4 c6 2. d4 d5 3. Nc3 dxe4 4. Nxe4 Bf5 5. Ng3 Bg6 6. h4 h6 7. Nf3 Nd7 8. h5 Bh7 9. Bd3 Bxd3 10. Qxd3 e6 11. Bd2 Be7 12. 0-0-0 Ngf6 13. Kb1 0-0 14. c4 c5 15. Bc3 cxd4 16. Bxd4 Nc5 17. Qe2 Qc8 18. Nf5 exf5 19. Qxe7 Ncd7 20. Bxf6 Nxf6 21. Ne5 Qe6 22. Qxe6 fxe6 23. Nd7 Nxd7 24. Rxd7 Rf7 25. Rhd1 Rc8 26. b3 Rc7 27. Rd8+ Rf8 28. f4 Rxd8 29. Rxd8+ Kf7 30. Kc2 Ke7 31. Rd3 a5 32. Kd2 Rc6 33. Ke3 Kf6 34. Kf3 g6 35. hxg6 Kxg6 36. Rd4 b6 37. a3 1/2-1/2

[Event "San Francisco TNM Winter op"]
[Site "San Francisco"]
[Date "2015.02.03"]
[Round "5"]
[White "Grey, Peter G"]
[Black "Matz, James I"]
[Result "1-0"]
[WhiteElo "2006"]
[BlackElo "1734"]
[PlyCount "31"]
[EventDate "2015.01.06"]
[EventType "swiss"]
[EventRounds "8"]
[EventCountry "USA"]
[SourceTitle "EXT 2016"]
[Source "ChessBase"]
[SourceDate "2015.10.08"]
[SourceVersion "1"]
[SourceVersionDate "2015.10.08"]
[SourceQuality "1"]

1. e4 e6 2. Nc3 d5 3. Nf3 dxe4 4. Nxe4 Be7 5. d4 Nf6 6. Bd3 0-0 7. c3 Nbd7 8. Qe2 c5 9. dxc5 Nxc5 10. Nxc5 Bxc5 11. Bg5 Be7 12. 0-0-0 Nd5 13. Bxe7 Qxe7 14. Bxh7+ Kxh7 15. Rxd5 Bd7 16. Qd3+ 1-0

[Event "San Francisco TNM Fall op"]
[Site "San Francisco"]
[Date "2014.12.02"]
[Round "6"]
[White "Grey, Peter G"]
[Black "Newey, Richard H"]
[Result "0-1"]
[WhiteElo "2014"]
[BlackElo "1747"]
[PlyCount "80"]
[EventDate "2014.10.21"]
[EventType "swiss"]
[EventRounds "8"]
[EventCountry "USA"]
[SourceTitle "EXT 2016"]
[Source "ChessBase"]
[SourceDate "2015.10.08"]
[SourceVersion "1"]
[SourceVersionDate "2015.10.08"]
[SourceQuality "1"]

1. d4 Nf6 2. Nf3 d5 3. c4 c6 4. Qc2 g6 5. Nc3 Bf5 6. Qb3 Qb6 7. c5 Qxb3 8. axb3 Na6 9. Bf4 Nb4 10. Kd2 Ne4+ 11. Nxe4 dxe4 12. Ne1 Nd5 13. e3 Nxf4 14. exf4 Bg7 15. Ke3 a6 16. f3 Rd8 17. Ra4 exf3 18. Nxf3 0-0 19. h3 Be6 20. Bc4 Bd7 21. Raa1 Be6 22. Rad1 Bd5 23. Bxd5 Rxd5 24. Rd3 Rfd8 25. Rhd1 Bf6 26. g4 e6 27. g5 Bg7 28. b4 Kf8 29. h4 Ke7 30. Ne5 Bxe5 31. fxe5 Rh8 32. Rf1 h6 33. gxh6 Rxh6 34. Rf4 Rd8 35. Ke4 Rdh8 36. Rh3 g5 37. Rg4 Rxh4 38. Rgxh4 Rxh4+ 39. Rxh4 gxh4 40. Kf4 f5 0-1

[Event "San Francisco TNM Fall op"]
[Site "San Francisco"]
[Date "2014.11.04"]
[Round "3"]
[White "Harris, Clarence"]
[Black "Grey, Peter G"]
[Result "1/2-1/2"]
[WhiteElo "1617"]
[BlackElo "2014"]
[PlyCount "66"]
[EventDate "2014.10.21"]
[EventType "swiss"]
[EventRounds "8"]
[EventCountry "USA"]
[SourceTitle "EXT 2016"]
[Source "ChessBase"]
[SourceDate "2015.10.08"]
[SourceVersion "1"]
[SourceVersionDate "2015.10.08"]
[SourceQuality "1"]

1. e4 c5 2. Nc3 Nc6 3. g3 g6 4. Bg2 Bg7 5. f4 d6 6. Nf3 e6 7. d3 Nge7 8. 0-0 0-0 9. Be3 Nd4 10. e5 Nef5 11. Bf2 Nxf3+ 12. Qxf3 Nd4 13. Qd1 dxe5 14. fxe5 Bxe5 15. Ne4 Nc6 16. c3 f5 17. Nxc5 Bd6 18. d4 Bxc5 19. dxc5 Qxd1 20. Raxd1 e5 21. Bd5+ Kg7 22. b4 Kf6 23. Be3 Ne7 24. Bb3 Nc6 25. Bh6 Re8 26. Rd6+ Be6 27. Rfd1 Rad8 28. h4 Rxd6 29. Rxd6 Kf7 30. Bxe6+ Rxe6 31. Rd7+ Re7 32. Rd6 Re6 33. Rd7+ Re7 1/2-1/2

[Event "San Francisco TNM Fall op"]
[Site "San Francisco"]
[Date "2014.10.28"]
[Round "2"]
[White "Poling, Scott"]
[Black "Grey, Peter G"]
[Result "1-0"]
[WhiteElo "1728"]
[BlackElo "2014"]
[PlyCount "45"]
[EventDate "2014.10.21"]
[EventType "swiss"]
[EventRounds "8"]
[EventCountry "USA"]
[SourceTitle "EXT 2016"]
[Source "ChessBase"]
[SourceDate "2015.10.08"]
[SourceVersion "1"]
[SourceVersionDate "2015.10.08"]
[SourceQuality "1"]

1. e4 c5 2. c3 Nf6 3. e5 Nd5 4. g3 d6 5. exd6 Qxd6 6. Bg2 Nc6 7. Nf3 e5 8. 0-0 Be7 9. d4 cxd4 10. cxd4 exd4 11. Nxd4 Nxd4 12. Qxd4 Nf6 13. Qxd6 Bxd6 14. Re1+ Kd7 15. Nc3 a6 16. Na4 Rb8 17. Nb6+ Kc7 18. Be3 Bd7 19. Nc4 Ne8 20. Red1 Be6 21. Nxd6 Nxd6 22. Rac1+ Kd7 23. Bf4 1-0

[Event "San Francisco TNM Jay Whitehead op"]
[Site "San Francisco"]
[Date "2014.08.20"]
[Round "3"]
[White "Frank, Robert"]
[Black "Grey, Peter G"]
[Result "0-1"]
[WhiteElo "1344"]
[BlackElo "2000"]
[PlyCount "114"]
[EventDate "2014.08.05"]
[EventType "swiss"]
[EventRounds "9"]
[EventCountry "USA"]
[SourceTitle "EXT 2016"]
[Source "ChessBase"]
[SourceDate "2015.10.08"]
[SourceVersion "1"]
[SourceVersionDate "2015.10.08"]
[SourceQuality "1"]

1. d4 Nf6 2. Nf3 g6 3. g3 Bg7 4. Bg2 0-0 5. 0-0 d6 6. c4 Nc6 7. Nc3 a6 8. a4 Bg4 9. h3 Bxf3 10. Bxf3 e5 11. Bxc6 bxc6 12. dxe5 dxe5 13. Qxd8 Raxd8 14. b3 Rb8 15. Rb1 Rb7 16. b4 Rfb8 17. Ba3 Bf8 18. c5 Nd5 19. Rfc1 Nxb4 20. Ne4 Nd5 21. Rxb7 Rxb7 22. e3 Rb3 23. Ra1 Rb8 24. Kg2 f5 25. Nd2 e4 26. Nc4 Bg7 27. Re1 Bc3 28. Re2 Rb1 29. Bb2 Bxb2 30. Rxb2 Rxb2 31. Nxb2 Nc3 32. g4 Kf7 33. Kg3 fxg4 34. Kxg4 Kf6 35. h4 h6 36. f4 exf3 37. Kxf3 Ke5 38. a5 Kd5 39. Nd3 Kc4 40. Ne5+ Kb5 41. Nxg6 Kxa5 42. e4 Kb5 43. Ne7 a5 44. e5 a4 45. e6 a3 46. Ng6 Nd5 47. Nf4 Ne7 48. Ne2 Kxc5 49. Nc3 Kc4 50. Na2 Kd5 51. Ke3 Kxe6 52. Kd3 Kf5 53. Kc3 Kg4 54. Kb3 Kxh4 55. Kxa3 Kg4 56. Nb4 h5 57. Na6 h4 0-1

[Event "San Francisco TNM Jay Whitehead op"]
[Site "San Francisco"]
[Date "2014.08.05"]
[Round "1"]
[White "Grey, Peter G"]
[Black "Olson, David L"]
[Result "1/2-1/2"]
[WhiteElo "2000"]
[BlackElo "1407"]
[PlyCount "100"]
[EventDate "2014.08.05"]
[EventType "swiss"]
[EventRounds "9"]
[EventCountry "USA"]
[SourceTitle "EXT 2016"]
[Source "ChessBase"]
[SourceDate "2015.10.08"]
[SourceVersion "1"]
[SourceVersionDate "2015.10.08"]
[SourceQuality "1"]

1. e4 e5 2. Nf3 d6 3. d4 exd4 4. Nxd4 g6 5. Nc3 a6 6. Be3 Bg7 7. Qd2 Nd7 8. 0-0-0 c5 9. Nde2 Ne5 10. Qxd6 Qxd6 11. Rxd6 Nc4 12. Bxc5 Nxd6 13. Bxd6 Bf8 14. Be5 f6 15. Bd4 Kf7 16. Nf4 b5 17. Be2 Bh6 18. Be3 Ne7 19. h4 Bb7 20. g4 Bxf4 21. Bxf4 h6 22. Be3 f5 23. gxf5 Nxf5 24. Bb6 Rhe8 25. f3 Ng3 26. Re1 Re6 27. Be3 Nf5 28. exf5 Rxe3 29. Bc4+ bxc4 30. fxg6+ Kxg6 31. Rxe3 Rf8 32. Ne4 Rf4 33. Nd6 Bd5 34. Kd2 Rxh4 35. b3 Rf4 36. Ke2 h5 37. Nxc4 Bxc4+ 38. bxc4 Rxc4 39. Re6+ Kg5 40. Rxa6 Rxc2+ 41. Ke3 h4 42. f4+ Kh5 43. Ra5+ Kg4 44. Rg5+ Kh3 45. a4 Rc3+ 46. Kd4 Rg3 47. a5 Ra3 48. Ke4 Ra4+ 49. Ke3 Ra3+ 50. Ke4 Ra4+ 1/2-1/2

[Event "San Francisco TNM Summer op"]
[Site "San Francisco"]
[Date "2014.07.01"]
[Round "6"]
[White "Grey, Peter G"]
[Black "Tsodikova, Natalia"]
[Result "0-1"]
[WhiteElo "2000"]
[BlackElo "2202"]
[PlyCount "66"]
[EventDate "2014.05.27"]
[EventType "swiss"]
[EventRounds "8"]
[EventCountry "USA"]
[SourceTitle "EXT 2016"]
[Source "ChessBase"]
[SourceDate "2015.10.08"]
[SourceVersion "1"]
[SourceVersionDate "2015.10.08"]
[SourceQuality "1"]

1. e4 c5 2. Nf3 d6 3. d4 cxd4 4. Nxd4 Nf6 5. Nc3 a6 6. Bg5 e6 7. f4 Be7 8. Qf3 h6 9. Bh4 Nbd7 10. 0-0-0 Qc7 11. Bd3 g5 12. fxg5 Ne5 13. Qe2 Nfg4 14. Nf3 Nxf3 15. gxf3 hxg5 16. Bg3 Ne5 17. f4 gxf4 18. Bxf4 Bd7 19. Bxe5 dxe5 20. h4 0-0-0 21. h5 Bg5+ 22. Kb1 Rh6 23. Qg4 f6 24. Ne2 Rdh8 25. Rh3 Qc5 26. Rdh1 Qe7 27. Ng1 Bc6 28. R1h2 Bf4 29. Rg2 f5 30. Qg7 Qxg7 31. Rxg7 Rxh5 32. Rxh5 Rxh5 33. exf5 exf5 0-1

[Event "San Francisco TNM Spring op"]
[Site "San Francisco"]
[Date "2014.04.15"]
[Round "5"]
[White "Grey, Peter G"]
[Black "Poling, Scott"]
[Result "1/2-1/2"]
[WhiteElo "2000"]
[BlackElo "1659"]
[PlyCount "84"]
[EventDate "2014.03.18"]
[EventType "swiss"]
[EventRounds "8"]
[EventCountry "USA"]
[SourceTitle "EXT 2016"]
[Source "ChessBase"]
[SourceDate "2015.10.08"]
[SourceVersion "1"]
[SourceVersionDate "2015.10.08"]
[SourceQuality "1"]

1. Nf3 d5 2. d4 Nf6 3. c4 c6 4. Qc2 Bg4 5. Ne5 Bh5 6. e3 Nbd7 7. Nxd7 Qxd7 8. Nc3 e6 9. Bd2 Bg6 10. Qb3 Bd6 11. Be2 0-0 12. Bf3 Rac8 13. cxd5 exd5 14. h3 Rfe8 15. Rc1 Bb8 16. a4 Ne4 17. Nxe4 Bxe4 18. Bxe4 Rxe4 19. a5 a6 20. Bb4 Rce8 21. Qc3 f5 22. 0-0 f4 23. exf4 Bxf4 24. Rce1 Bc7 25. Rxe4 Rxe4 26. Re1 Qe6 27. Rxe4 Qxe4 28. Qe1 Qxe1+ 29. Bxe1 Kf7 30. f3 Ke6 31. g3 Kf5 32. Kf2 Bd6 33. b4 Be7 34. Ke3 h5 35. f4 g5 36. fxg5 Bxg5+ 37. Kf3 Be7 38. Bd2 Bd6 39. Be1 Bf8 40. Bd2 Bg7 41. Be3 Bf6 42. Bf2 Be7 1/2-1/2

[Event "San Francisco TNM Spring op"]
[Site "San Francisco"]
[Date "2014.04.08"]
[Round "4"]
[White "Gaffagan, Steven"]
[Black "Grey, Peter G"]
[Result "1-0"]
[WhiteElo "2089"]
[BlackElo "2000"]
[PlyCount "83"]
[EventDate "2014.03.18"]
[EventType "swiss"]
[EventRounds "8"]
[EventCountry "USA"]
[SourceTitle "EXT 2016"]
[Source "ChessBase"]
[SourceDate "2015.10.08"]
[SourceVersion "1"]
[SourceVersionDate "2015.10.08"]
[SourceQuality "1"]

1. e4 e5 2. Nf3 Nc6 3. Bb5 Nf6 4. d3 d6 5. c3 Be7 6. Nbd2 0-0 7. 0-0 Bd7 8. Ba4 a6 9. Re1 Re8 10. Nf1 Bf8 11. Ng3 g6 12. a3 Bg7 13. h3 h6 14. d4 Nh7 15. Be3 Nf8 16. Bb3 Qf6 17. Qd2 Bxh3 18. Ng5 Bd7 19. Bxf7+ Kh8 20. Bxe8 Rxe8 21. Nf3 g5 22. Nh5 Qg6 23. Nxg7 Kxg7 24. dxe5 dxe5 25. Bc5 Be6 26. Bxf8+ Rxf8 27. Qe3 Qf6 28. Rad1 Bg4 29. Rd3 Ne7 30. Qc5 Nc6 31. Nh2 Be6 32. Rf3 Qe7 33. Qxe7+ Nxe7 34. Rxf8 Kxf8 35. Rd1 Nc6 36. Nf1 Kf7 37. Ne3 Ne7 38. b4 c6 39. Rd6 Nc8 40. Rd8 Ke7 41. Rh8 Nd6 42. Nf5+ 1-0

[Event "San Francisco TNM Winter op"]
[Site "San Francisco"]
[Date "2014.02.25"]
[Round "8"]
[White "Grey, Peter G"]
[Black "Kottcamp, Jeff"]
[Result "1/2-1/2"]
[WhiteElo "2000"]
[BlackElo "1678"]
[PlyCount "78"]
[EventDate "2014.01.07"]
[EventType "swiss"]
[EventRounds "8"]
[EventCountry "USA"]
[SourceTitle "EXT 2016"]
[Source "ChessBase"]
[SourceDate "2015.10.08"]
[SourceVersion "1"]
[SourceVersionDate "2015.10.08"]
[SourceQuality "1"]

1. e4 c5 2. Nf3 d6 3. d4 cxd4 4. Nxd4 Nf6 5. Nc3 a6 6. Bg5 e6 7. f4 Be7 8. Qf3 Qc7 9. 0-0-0 Nbd7 10. Bd3 h6 11. Bh4 b5 12. Rhe1 b4 13. Nd5 Nxd5 14. exd5 Bxh4 15. dxe6 0-0 16. exd7 Bb7 17. Qg4 Bxe1 18. Nf5 Bc3 19. bxc3 Qxc3 20. Nxh6+ Kh8 21. Nxf7+ Rxf7 22. Qh4+ Kg8 23. Bh7+ Kh8 24. Bg6+ Kg8 25. d8Q+ Rxd8 26. Qxd8+ Rf8 27. Qxd6 Bxg2 28. Qd4 Qc7 29. Qe5 Qc4 30. Rd7 Qxf4+ 31. Qxf4 Rxf4 32. Rd8+ Rf8 33. Rxf8+ Kxf8 34. Kb2 Ke7 35. Kb3 Bd5+ 36. Kxb4 Bxa2 37. Bd3 Kd6 38. Bxa6 g5 39. c4 Bxc4 1/2-1/2

[Event "San Francisco TNM Winter op"]
[Site "San Francisco"]
[Date "2014.01.28"]
[Round "4"]
[White "Grey, Peter G"]
[Black "Manvelyan, Hovik"]
[Result "1/2-1/2"]
[WhiteElo "2000"]
[BlackElo "1925"]
[PlyCount "48"]
[EventDate "2014.01.07"]
[EventType "swiss"]
[EventRounds "8"]
[EventCountry "USA"]
[SourceTitle "EXT 2016"]
[Source "ChessBase"]
[SourceDate "2015.10.08"]
[SourceVersion "1"]
[SourceVersionDate "2015.10.08"]
[SourceQuality "1"]

1. e4 e6 2. d4 d5 3. Nc3 Bb4 4. Bd3 Nc6 5. Nge2 dxe4 6. Bxe4 Nf6 7. Bf3 e5 8. Bxc6+ bxc6 9. Bg5 h6 10. Bh4 exd4 11. Qxd4 Qxd4 12. Nxd4 0-0 13. 0-0 Bd7 14. Rad1 Nd5 15. Nde2 Rab8 16. Nxd5 cxd5 17. c4 Bd6 18. c5 Bxc5 19. Rxd5 Bd6 20. Rd2 Bb5 21. Rfd1 Rfe8 22. Nc3 Ba6 23. Bg3 Bxg3 24. hxg3 Bc4 1/2-1/2

[Event "San Francisco Neil Falconer op"]
[Site "San Francisco"]
[Date "2013.09.17"]
[Round "7"]
[White "Bachseitz, Martin"]
[Black "Grey, Peter G"]
[Result "0-1"]
[WhiteElo "1631"]
[BlackElo "2000"]
[PlyCount "52"]
[EventDate "2013.08.06"]
[EventType "swiss"]
[EventRounds "9"]
[EventCountry "USA"]
[SourceTitle "EXT 2016"]
[Source "ChessBase"]
[SourceDate "2015.10.08"]
[SourceVersion "1"]
[SourceVersionDate "2015.10.08"]
[SourceQuality "1"]

1. d4 Nf6 2. c4 g6 3. Nc3 d5 4. Nf3 Bg7 5. Bf4 0-0 6. e3 c5 7. dxc5 Qa5 8. Rc1 dxc4 9. Bxc4 Qxc5 10. Qe2 Nc6 11. 0-0 e5 12. Bg3 Qa5 13. Nd2 Bf5 14. Nb3 Qb4 15. e4 Bd7 16. Rfd1 Rfe8 17. f3 a6 18. Bf2 b5 19. Nd5 Nxd5 20. Bxd5 Rac8 21. Bc5 Qa4 22. Qd2 Be6 23. Bxe6 Rxe6 24. Ba3 Ree8 25. Nc5 Qd4+ 26. Qxd4 Nxd4 0-1